000 00622nam a22002051c 4500
001 a987684778
008 060211s1977 gw a||| 000u ger d
020 _a9630513099
_9963-05-1309-9
041 _ager
100 1 _aBerend, Iván T.
_910319
245 0 0 _aEast Central Europe in the 19th and 20th centuries /
_cIván T. Berend ; György Ránki
264 _aBudapest :
_bAkad. Kiadó,
_c1977
300 _a163 S. : Ill
650 0 _aUngarn <1800-1977>
_910320
700 1 _aRánki, György
_eVerfasserIn
_910321
942 _cMG
040 _cRU-10907106
003 RU-10907106
999 _c2314
_d2314
504 _aLiteraturverz. S. 163 - [164]